Escritores ante el espejo: estudio de la creatividad literaria
Guardat en:
| Autor principal: | |
|---|---|
| Format: | Llibre |
| Idioma: | espanyol |
| Publicat: |
Barcelona
Lumen
1997
|
| Col·lecció: | Palabra Crítica, 24
|
| Matèries: | |
| Etiquetes: |
Afegir etiqueta
Sense etiquetes, Sigues el primer a etiquetar aquest registre!
|
MARC
| LEADER | 00000nam a2200000 a 4500 | ||
|---|---|---|---|
| 001 | UCM8463 | ||
| 003 | CL-VaPUC | ||
| 008 | 030314e19970000SP |||||||||||||||||spa|d | ||
| 082 | 0 | 4 | |a 864 |b PER |2 21 |
| 100 | 0 | |a Percival, Anthony |e author |9 474525 | |
| 245 | 1 | 0 | |a Escritores ante el espejo: estudio de la creatividad literaria |
| 300 | |a 399 p | ||
| 942 | |c BK | ||
| 945 | |d 20030314 00:00:00 |a cmena | ||
| 260 | |a Barcelona |b Lumen |c 1997 | ||
| 650 | 0 | |a Ensayos españoles |9 313128 | |
| 650 | 0 | |a Literatura española |9 306261 | |
| 650 | 0 | |a Creatividad |9 310816 | |
| 583 | |a last modification |c 20030314 00:00:00 |k Rodrigo Vera | ||
| 490 | 0 | |a Palabra Crítica, 24 | |
| 999 | |c 302968 |d 302966 | ||
| 952 | |0 0 |1 0 |4 0 |6 864_000000000000000_PER_1997 |7 0 |8 A |9 363854 |a FDOPOS |b FDOPOS |d 2019-11-21 |i 388094K |o 864 PER 1997 |p 388094K |r 2025-01-22 |w 2019-11-21 |y BK |k MLH | ||